Normal view
MARC view
Entry Topical Term
001 - CONTROL NUMBER
- control field: 29779
003 - CONTROL NUMBER IDENTIFIER
- control field: dpl
005 - DATE AND TIME OF LATEST TRANSACTION
- control field: 20110721100750.0
008 - FIXED-LENGTH DATA ELEMENTS
- fixed length control field: 110721|||a|||||| | ||| d
040 ## - CATALOGING SOURCE
- Original cataloging agency: dpl
- Transcribing agency: dpl
150 ## - HEADING--TOPICAL TERM
- Topical term or geographic name as entry element: iPod touch (Digital music player)
- General subdivision: Programming.
670 ## - SOURCE DATA FOUND
- Source citation: Work cat.: (dpl): Brannan, James A. 29762, iOS SDK programming : , 2011
670 ## - SOURCE DATA FOUND
- Source citation: Work cat.: (dpl): Brannan, James A. 29762, iOS SDK programming : , 2011
